000 00510njm a2200169 i 4500
001 C2-0228407
003 PPAK
005 20180729152202.0
008 000820s1997 my |||| ||||| | may d
040 _aPPAK
_beng
_cPPAK
_erda
245 0 0 _aForum perdana:
_bperanan akhlak dalam melahirkan individu berkualiti
264 1 _aAlor Setar, Kedah :
_bPerbadanan Perpustakaan Awam Kedah ,
_c1997
336 _2rdacontent
_atext
337 _2rdamedia
_aunmediated
338 _2rdacarrier
_avolume
942 _ddc
_cB
999 _c163237
_d163237